Statistics for Marvel's Thor Characters Quiz

Click here to take the quiz!

General Stats

  • This quiz has been taken 377 times
  • The average score is 9 of 13

Answer Stats

Actor/ActressDescriptionCharacter% Correct
Tom HiddlestonThor's adoptive brother and nemesis based on the deity of the same nameLoki
100%
Chris HmsworthThe crown prince of Asgard, based on the Norse mythological deity of the same nameThor
99%
Natalie PortmanA scientist and Thor's love interestJane Foster
93%
Anthony HopkinsThe ruler of Asgard, father of Thor, and adoptive father of Loki, based on the mythological deity of the same nameOdin
91%
Idris ElbaThe all-seeing, all-hearing Asgardian sentry of the bifröst bridge, based on the mythological deity of the same nameHeimdall
81%
Jamie AlexanderA warrior and Thor's childhood friend based on the mythological deity of the same nameSif
65%
Rene RussoThe wife of Odin, queen of Asgard, mother of Thor and adoptive mother of Loki, based on the mythological deity of the same nameFrigga
63%
Stellan SkarsgårdA scientist doing research in New Mexico who encounters ThorErik Selvig
60%
Kat DenningsA political science major who is Jane Foster's internDarcy Lewis
59%
Colm FeoreKing of the Frost Giants and Loki's biological father, based on the mythological being of the same name, who in myth was actually Loki's motherLaufey
56%
Ray StevensonA member of the Warriors Three; a group of three Asgardian adventurers who are among Thor's closest comrades, known for both his hearty appetite and wide girthVolstagg
42%
Josh DallasA member of the Warriors Three, characterized as an irrepressible swashbuckler and romanticFandral
40%
Tadanobu AsanoA member of the Warriors Three, primarily identified by his grim demeanor and as the only member who is not an ÆsirHogun
38%

Score Distribution

Percentile by Number Answered

Percent of People with Each Score

Your Score History

You have not taken this quiz